000 00523nam a2200181Ia 4500
999 _c32622
_d32622
003 OSt
005 20201013100823.0
008 190216s9999||||xx |||||||||||||| ||und||
020 _a9788178795652
040 _coclc
082 _a796
_bSRI/B
100 _aSrivastava, A K
_95628
245 0 _aBook Of Rules Of Games And Sports /
_cA K Srivastava
260 _bSports Publication,
_c2010.
_aNew Delhi:
300 _a326p
650 _aPhysical Education
942 _cBK
_2ddc
_h796
_iSRI/B
_k796
_mSRI/B